A cantora deitada (Record no. 15553)

MARC details
000 -Etiqueta do registo
Valores 00679nam a2200217 4500
010 ## - Número ISBN
ISBN 9789722127387
021 ## - Número do Depósito Legal
Número 388521/15
100 ## - Dados gerais de processamento
Dados gerais 20150825d2015 c y0pory50030103ba
200 1# - Titulo e menção de responsabilidade
Título próprio A cantora deitada
Primeira menção de responsabilidade Sandro William Junqueira
Outras menções de responsabilidade il. Maria João Lima
205 ## - Menção da edição
Edição 1ª ed
210 #9 - Publicação
Local de publicação Alfragide
Nome do editor Caminho,
Data de publicação cop. 2015
215 ## - Descrição física 
Paginação / Volumes [36] p.
Outras indicações físicas todo il.
Dimensões 16 x 24 cm
304 ## - Nota relativa ao título
Texto de nota PADES
675 ## - CDU
Notação 087.5
Edição BN
Língua por
700 #1 - Autor principal (pessoa individual)
Apelido Junqueira,
Nome Sandro William,
Datas 1974-
702 #1 - Autor secundário (pessoa individual)
Apelido Lima,
Nome Maria João,
Datas 1969-
801 #0 - Fonte de origem
País PT
Agência BN
Regras de catalogação RPC
856 41 - Localização e acesso electrónico 
URL <a href="http://rnod.bnportugal.gov.pt/ImagesBN/winlibimg.aspx?skey=&doc=1908560&img=65680&save=true">http://rnod.bnportugal.gov.pt/ImagesBN/winlibimg.aspx?skey=&doc=1908560&img=65680&save=true</a>
990 ## - Elementos KOHA
Tipo de documento Livro
Holdings
Situação do levantamento Estado Número Biblioteca de origem Código de barras Cota Permissão de empréstimo Tipo de documento Forma de aquisição
    BMA Biblioteca Municipal do Alandroal C15633/21 087.5 JUN   Livro Compra

Powered by Koha